| 000 | 00379nam a2200145 a 4500 | ||
|---|---|---|---|
| 005 | 20140414132056.0 | ||
| 008 | 100520s19uu xx 00 eng d | ||
| 050 |
_aREF 956.1 _bK46 2001 |
||
| 100 | _aKemal, Neriman | ||
| 245 | _aTurkey. | ||
| 260 |
_aMilwaukee, WI : _bGareth Stevens, _c2001. |
||
| 440 | _aCountries of the world | ||
| 650 |
_aTurkey _xCountry |
||
| 999 |
_c114304 _d114304 |
||